STN EN 12101-7: 2012 (92 0550) Zariadenia na odvod tepla a splodín horenia Časť 7 Úseky potrubí na odvod splodín horenia

Táto norma je slovenskou verziou európskej normy EN 12101-7: 2011 vrátaane EN 12107: 2011/Cor. Máj 2011. Preklad zabezpečil Slovenský ústav technickej normalizácie. Má rovnaké postavenie ako majú oficiálne verzie

Podrobná bibliografia
Ďalší autori: Rástocký, Štefan (Prekladateľ)
Médium: Kniha
Jazyk:slovenčina
angličtina
Fyzický popis:28 s. obr. , tab. 30 cm
Vydavateľské údaje: Bratislava Slovenský ústav technickej normalizácie 2012
Predmet:

MARC

LEADER 00000nam a2200000 a 4500
001 vtls010443018
003 SK-MaSNL
005 20260302045943.0
008 130117s xo k f u 000 0 slo
015 |a SNBN2013 
020 |c (cen. skup. 4) 
040 |a SNK  |b slo  |c SNK  |e AACR2 
041 1 |a slo  |h eng 
044 |a xo  |c SK 
046 |a s  |m 201208 (účin. ) 
072 7 |a 614.84  |x Požiare. Ochrana pred požiarmi  |2 konspekt 
080 |a 614.841.3  |2 2001 
080 |a 006.7/.8  |2 2001 
080 |a (437.6) 2 2001  |2 1981 
080 |a (4)  |2 2001 
080 |a 699.8  |2 2001 
084 |a 13.220.99  |2 ICS 
130 0 |a STN 92 0550 (STN EN 12101-7)  |9 703737 
245 1 0 |a STN EN 12101-7: 2012 (92 0550) Zariadenia na odvod tepla a splodín horenia  |n Časť 7  |p Úseky potrubí na odvod splodín horenia 
246 1 0 |a Zariadenia na odvod tepla a splodín horenia. Časť 7 
246 1 0 |a Úseky potrubí na odvod splodín horenia 
246 3 0 |a EN 12101-7: 2011 E 
246 3 0 |a EN 12107: 2011/Cor. Máj 2011 E 
260 |a Bratislava  |b Slovenský ústav technickej normalizácie  |c 2012 
300 |a 28 s.  |b obr. , tab.  |c 30 cm 
500 |a Súbežný názov v angličtine, francúzštine, nemčine 
500 |a Táto norma nahrádza anglickú verziu STN EN 12101-7 z októbra 2011 v celom rozsahu 
500 |a Spracovateľ Štefan Rástocký 
504 |a Citované normy, súvisiace právne predpisy s. 2 ; literatúra s. 27 
520 8 |a Táto norma je slovenskou verziou európskej normy EN 12101-7: 2011 vrátaane EN 12107: 2011/Cor. Máj 2011. Preklad zabezpečil Slovenský ústav technickej normalizácie. Má rovnaké postavenie ako majú oficiálne verzie 
540 |a STN vydané na akomkoľvek nosiči sa môžu rozmnožovať a rozširovať iba so súhlasom určenej právnickej osoby  |b SÚTN Bratislava  |c zákon 264/1999 Z. z. 
650 0 7 |a požiarna bezpečnosť stavieb  |2 SNKPH  |9 69570 
650 0 7 |a technické normy a štandardy  |z Slovensko  |2 SNKPH  |9 79594 
650 0 7 |a technické normy a štandardy  |z krajiny Európskej únie  |2 SNKPH  |9 289341 
650 0 7 |a ochrana budov  |2 SNKPH  |9 4160 
650 0 7 |a Fireproof building  |2 SNKPHeng  |9 314726 
655 7 |a normy  |2 SNKPH  |9 70643 
700 1 |a Rástocký, Štefan  |4 trl  |9 314728 
710 2 |a Slovenský ústav technickej normalizácie (Bratislava, Slovensko).  |b Technická komisia č. 17 Bezpečnosť a ochrana pred požiarom  |4 stn  |9 306760 
852 |a Štátna vedecká knižnica v Banskej Bystrici 
958 |a OP 
958 |a NB 
999 |c 1095400  |d 1097330 
952 |a SNK  |b SNK  |y PREZ  |7 0  |p 17A1048634  |o snkSTN EN 12101-7  |i snk2012/17219  |8 0  |0 0  |1 0  |4 0  |d 2012-09-07  |l 0  |r 2026-02-24 17:11:49  |w 2026-02-24 
952 |a SNK  |b SNK  |y PREZ  |7 0  |p 17A1048635  |o snkSTN EN 12101-7 D1  |i snk2012/17220  |8 0  |0 0  |1 0  |4 0  |d 2012-09-07  |l 0  |r 2026-02-24 17:11:49  |w 2026-02-24